[Event "SLO-chT2 West"]
[Site "Slovenia"]
[Date "2010.11.06"]
[Round "3.6"]
[White "Pavlin, Matic"]
[Black "Borisek, Anze"]
[Result "0-1"]
[WhiteElo "1517"]
[BlackElo "2006"]
[PlyCount "72"]
[EventDate "2010.11.05"]
[EventType "team-tourn"]
[EventRounds "9"]
[EventCountry "SLO"]
[SourceTitle "EXT 2022"]
[Source "ChessBase"]
[SourceDate "2021.10.06"]
[SourceVersion "1"]
[SourceVersionDate "2021.10.06"]
[SourceQuality "1"]

1. e4 c6 2. d4 d5 3. e5 g6 4. Nf3 Bg7 5. Be2 c5 6. c3 Nc6 7. Bf4 Qb6 8. b3 cxd4 9. cxd4 Bf5 10. Bd3 Bxd3 11. Qxd3 Rc8 12. a3 Bh6 13. Bd2 Na5 14. b4 Nc4 15. 0-0 e6 16. Bxh6 Nxh6 17. Nbd2 0-0 18. Rfc1 Nxd2 19. Qxd2 Nf5 20. g4 Nxd4 21. Qxd4 Qb5 22. Rc5 Qe2 23. Kg2 b6 24. Rc3 Qe4 25. Rac1 Rxc3 26. Rxc3 Qe2 27. Rc7 Qa6 28. Qe3 Rc8 29. Rxc8+ Qxc8 30. Qh6 Qc4 31. Qh3 Kg7 32. Nd2 Qf4 33. Nf3 d4 34. g5 d3 35. Qh4 Qxh4 36. Nxh4 d2 0-1

[Event "SLO-chT2 West"]
[Site "Postojna"]
[Date "2009.11.06"]
[Round "6.6"]
[White "Pavlin, Matic"]
[Black "Mihelic, Mitja"]
[Result "1/2-1/2"]
[WhiteElo "1520"]
[BlackElo "1752"]
[PlyCount "30"]
[EventDate "2009.10.23"]
[EventType "team-tourn"]
[EventRounds "9"]
[EventCountry "SLO"]
[SourceTitle "EXT 2010"]
[Source "ChessBase"]
[SourceDate "2010.11.25"]
[SourceVersion "1"]
[SourceVersionDate "2010.11.25"]
[SourceQuality "1"]
[WhiteTeam "Lojz Kraigher"]
[BlackTeam "Trzin"]
[WhiteTeamCountry "SLO"]
[BlackTeamCountry "SLO"]

1. e4 c5 2. c3 d5 3. exd5 Qxd5 4. d4 e6 5. Nf3 Nf6 6. Be3 cxd4 7. cxd4 Nc6 8. Be2 Be7 9. 0-0 0-0 10. Nc3 Qd8 11. Qc2 Nb4 12. Qd2 b6 13. Ne5 Bb7 14. a3 Nbd5 15. Rac1 Rc8 1/2-1/2